Generals Die in Bed/ (Record no. 208256)

MARC details
000 -LEADER
fixed length control field 00538nam a22001817a 4500
005 - DATE AND TIME OF LATEST TRANSACTION
control field 20250109113928.0
010 ## - LCCN (DPL NO)
LC control number ENG-143264
020 ## - INTERNATIONAL STANDARD BOOK NUMBER
International Standard Book Number 9789392210440
Terms of availability 395.00
035 ## - SYSTEM CONTROL NUMBER
System control number EN-126796
037 ## - SOURCE OF ACQUISITION
Source of stock number/acquisition DBAD
082 ## - DEWEY DECIMAL CLASSIFICATION NUMBER
Classification number N
100 ## - MAIN ENTRY--PERSONAL NAME
Personal name Harrison, Charles Yale
245 ## - TITLE STATEMENT
Title Generals Die in Bed/
Statement of responsibility, etc By Charles Yale Harrison
260 ## - PUBLICATION, DISTRIBUTION, ETC. (IMPRINT)
Place of publication, distribution, etc Chandigarh
Name of publisher, distributor, etc JGS Enterprises Pvt. Ltd
Date of publication, distribution, etc 2024
270 ## - ADDRESS
Address SCO 14-15, FF, Sector 8-C
City Chandigarh
Postal code 160009
Electronic mail address service@thebrowser.org
300 ## - PHYSICAL DESCRIPTION
Extent 141p.
Dimensions 21cm(pb)
942 ## - ADDED ENTRY ELEMENTS (KOHA)
Source of classification or shelving scheme Dewey Decimal Classification
Item type English Books
Call number suffix HAR
Classification part N
Holdings
Withdrawn status Lost status Not for loan Collection code Home library Current library Date acquired Source of acquisition Cost, normal purchase price Full call number Barcode Copy number Cost, replacement price Koha item type
      Non-fiction Kadipur Kadipur 09/01/2025 Delivery of Books Act Division 395.00 HAR N EN-126796 1 395.00 English Books

© Delhi Public Library
Hit Counter
free hit counter